00872nam a2200205 a 450000100100000000500170001000800410002704000250006808200240009310000290011724500640014626000760021030000210028665000340030765000370034104900090037895201280038795201340051599900170064900002319420250701132841.0101130s1968 ag 000 0 spa d aDO-SdBNPbspacBNPHU a338.90091724bH143t1 aHagen, Everett E.94774613aLa teoría económica del desarrollo /cEverett E. Hagen. aBuenos Aires :bAmorrortu ;bCentro Regional de Ayuda Técnica,c1968. a491 p. ;c23 cm. 0aDesarrollo económico985548 4aRegiones subdesarrolladas930626 aBNGR 001054708MOaGRbGRcCTd2010-11-30iLF1l0o338.90091724 H143tp23194-10r2020-06-25w2020-06-25y4ZPréstamo en sala 001054728MOaGRbGRcCTd2010-11-30iLF1l0o338.90091724 H143tp23194-20r2020-06-25te. 2w2020-06-25y4ZPréstamo en sala c22691d22691